<?xml version="1.0" encoding="UTF-8"?>
<record
    xmlns:xsi="http://www.w3.org/2001/XMLSchema-instance"
    xsi:schemaLocation="http://www.loc.gov/MARC21/slim http://www.loc.gov/standards/marcxml/schema/MARC21slim.xsd"
    xmlns="http://www.loc.gov/MARC21/slim">

  <leader>00765nam a2200253   4500</leader>
  <controlfield tag="001">46284</controlfield>
  <datafield tag="010" ind1=" " ind2=" ">
    <subfield code="a">9789727802340</subfield>
  </datafield>
  <datafield tag="021" ind1=" " ind2=" ">
    <subfield code="b">292611/09</subfield>
  </datafield>
  <datafield tag="090" ind1=" " ind2=" ">
    <subfield code="a">46284</subfield>
  </datafield>
  <datafield tag="100" ind1=" " ind2=" ">
    <subfield code="a">20100916d2009    km y0pory5003    ba</subfield>
  </datafield>
  <datafield tag="101" ind1="0" ind2=" ">
    <subfield code="a">por</subfield>
  </datafield>
  <datafield tag="102" ind1=" " ind2=" ">
    <subfield code="a">PT</subfield>
  </datafield>
  <datafield tag="200" ind1="1" ind2=" ">
    <subfield code="a">Do interior da revoluc&#xE3;o</subfield>
    <subfield code="f">Vasco Louren&#xE7;o</subfield>
    <subfield code="g">entrevista de Maria Manuela Cruzeiro</subfield>
  </datafield>
  <datafield tag="205" ind1=" " ind2=" ">
    <subfield code="a">1.&#xAA; ed.</subfield>
  </datafield>
  <datafield tag="210" ind1=" " ind2="9">
    <subfield code="a">Coimbra</subfield>
    <subfield code="c">&#xC2;ncora,</subfield>
    <subfield code="d">2009</subfield>
  </datafield>
  <datafield tag="215" ind1=" " ind2=" ">
    <subfield code="a">574, [2] p., [30] p. il.</subfield>
    <subfield code="c">il.</subfield>
    <subfield code="d">24 cm</subfield>
  </datafield>
  <datafield tag="675" ind1=" " ind2=" ">
    <subfield code="a">94(469)</subfield>
  </datafield>
  <datafield tag="675" ind1=" " ind2=" ">
    <subfield code="a">929Louren&#x2014;co, Vasco(047.53)</subfield>
    <subfield code="v">BN</subfield>
    <subfield code="z">por</subfield>
  </datafield>
  <datafield tag="675" ind1=" " ind2=" ">
    <subfield code="a">355.11Louren&#x2014;co, Vasco(047.53)</subfield>
    <subfield code="v">BN</subfield>
    <subfield code="z">por</subfield>
  </datafield>
  <datafield tag="675" ind1=" " ind2=" ">
    <subfield code="a">323.2(469)"1974"(047.53)</subfield>
    <subfield code="v">BN</subfield>
    <subfield code="z">por</subfield>
  </datafield>
  <datafield tag="700" ind1=" " ind2="1">
    <subfield code="a">Louren&#x2014;co,</subfield>
    <subfield code="b">Vasco,</subfield>
    <subfield code="f">1942-</subfield>
  </datafield>
  <datafield tag="702" ind1=" " ind2="1">
    <subfield code="a">Cruzeiro,</subfield>
    <subfield code="b">Maria Manuela,</subfield>
    <subfield code="f">1947-</subfield>
    <subfield code="4">470</subfield>
  </datafield>
  <datafield tag="801" ind1=" " ind2="0">
    <subfield code="a">PT</subfield>
    <subfield code="b">BN</subfield>
    <subfield code="g">RPC</subfield>
  </datafield>
  <datafield tag="990" ind1=" " ind2=" ">
    <subfield code="c">LIVROS</subfield>
  </datafield>
  <datafield tag="995" ind1=" " ind2=" ">
    <subfield code="1">0</subfield>
    <subfield code="9">78371</subfield>
    <subfield code="b">BMR</subfield>
    <subfield code="c">BMR</subfield>
    <subfield code="f">057392</subfield>
    <subfield code="k">323.2(469) LOU</subfield>
    <subfield code="o">0</subfield>
    <subfield code="r">LIVROS</subfield>
    <subfield code="u">oferta de Franklim Amaro Cabreirinha. Obra sobre a Revolu&#xE7;&#xE3;o do 25 de abril de 1974</subfield>
  </datafield>
</record>
